00510nam a2200205Ia 4500003000400000008004100004040001600045082001600061100001600077245005200093700002000145700001700165260004700182300001200229650001400241650001200255650001100267650001500278650001100293GCL140319s9999 xx 000 0 eng d aGCL / cGCL04a613.71bS F1 aSEIGER, LON10aFITNESS AND WELLNESS STRATEGIES / cSEIGER, LON1 aVENDERPOOL, KEN1 aBARNES, DUKE a[S.N] : bWCB BROWN & BENCHANARK ، c1995 a218 P P04aEXERCISES04aFITNESS04aSPORTS04aPHYSIOLOGY04aHEALTH